Édimbourg ou Glasgow ? - Statistiques

Statistiques générales
  • Ce quiz a été pris 31 fois
    29 depuis la dernière actualisation
  • Le résultat moyen est 8 sur 15
Statistiques - réponses
Question Réponse % Correct
Est la capitale de l'Écosse Édimbourg
96%
Possède un aéroport international Les deux
89%
A un volcan dans la ville Édimbourg
85%
A une vieille ville classée au patrimoine mondial de l’UNESCO Édimbourg
78%
Possède un métro Glasgow
67%
Est traversée par la Clyde Glasgow
59%
A une espérance de vie anormalement basse Glasgow
59%
Possède un club en première division écossaise de football Les deux
56%
Est connue pour ses chantiers navals Glasgow
48%
A accueilli des Jeux du Commonwealth Les deux
44%
A une agglomération comptant plus d’un million d’habitants Glasgow
37%
Est plus à l'ouest que Londres Les deux
30%
A une statue d'Abraham Lincoln Édimbourg
26%
A l’université la plus ancienne des deux Glasgow
15%
A servi de lieu de tournage pour Avengers : Endgame Les deux
4%
Aucun quiz correspondant
Distribution des résultats
% des personnes avec chaque résultat
Percentile par nombre de réponses
Votre historique - résultats
Vous n’avez pas pris ce quiz depuis la dernière actualisation